Statistiques concernant Culture Générale - Série 2321

Cliquez ici pour prendre le quiz!

Statistiques générales

  • Ce quiz a été pris 68 fois
  • Le résultat moyen est 6 sur 10

Statistiques - réponses

QuestionRéponse% Correct
Quelle est la première capitale européenne à s'être dotée du métro en 1863 ?Londres
94%
Quel corps céleste appartenant au système solaire a perdu son statut de planète en 2006 ?Pluton
90%
A quel pays appartient l'île de Madère ?Portugal
90%
A quel théorème la formule "a2 + b2 = c2" fait-elle référence ?Pythagore
86%
Le trio comique "Les Inconnus" est constitué de Didier Bourdon, Bernard Campan et .... prénom et nomPascal Légitimus
73%
Dans le film de Walt Disney "La Belle au Bois Dormant", comment se nomme la princesse héroïne ?Aurore
68%
Quel était le prénom de l'auteur de "Pantagruel" ?François
52%
Quel acteur a donné sa voix à la série d'animation "Les Shadoks" (1968 à 2000) ? prénom et nom - voir photoClaude Piéplu
43%
Comment appelle-ton l'animal issu du croisement entre un cheval et une ânesse ?bardot
33%
Quelle ville de l'Essonne a accueilli le départ du tour de France cycliste en 2003, pour célébrer le centenaire de la course ?Montgeron
3%

Distribution des résultats

Percentile par nombre de réponses

% des personnes avec chaque résultat

Votre développement - résultats

Vous n’avez pas pris ce quiz